1680 1129 1654 1683 1506 1454 1775 1199 1611 1299 1810 1518 1038 1304 1454 1360 1725 1990 1928 1457 1254 1951 1923 1656 1308 1869 1846 1776 1589 1249 1086 1176 1097 1189 1838 1460 1558 1120 1560 1013 1731 1987 1269 1462 1843 1902 1319 1740 1243 1443 1576 1173 1313 1615 1070 1743 1512 1378 1492 1640 1550 1262 1619 1286 1932 1944 1632 1643 1411 1820 1887 1282 1292 1179 1500 1118 1360 1920 1383 1841 1937 1823 1901 1514 1723 1792 1897 1007 1735 1973 1006 1285 1471 1346 1411 1169 1971 1917 1457 BCNSPRNW ULIB Ver.6.0+V

เปลี่ยนเป็นภาษาไทย

Change to English
 แสดงรายละเอียดบรรณานุกรม
  กลับหน้าหลัก

Brief Record : Get Marc (ISO 2709) : E-mail record : QR code < ปิดหน้าต่าง
LEADER : 00000nam 2200000uu 4500
001    13399120048
003     ULIB
008    120824s2546||||th 000 0 tha d
020    ^a9749125843
099    ^aนว.^bน418ร
100    ^aนันทนา วีระชน
245    ^aรักนี้หัวใจเราจอง/^cนันทนา วีระชน
260    ^aกรุงเทพฯ :^bสถาพรบุุ๊ค,^c2546
300    ^a488 หน้า
945    ^p250^l0^i020192
999    ^aใช้งานได้ทุกระบบ
รายการนี้ยังไม่มีแท็ก
คุณยังไม่ได้ล็อกอิน คุณสามารถมีกิจกรรมร่วมกับเว็บไซต์ได้ แต่ต้องล็อกอินก่อน ::
  ล็อกอิน

รายการสื่อสารสนเทศ

ลำดับที่ ประเภท เลขเรียก/บาร์โค้ด สถานที่ สถานะ
- ไม่พบข้อมูล -

รายการใกล้เคียง
    ผู้แต่ง [นันทนา วีระชน]

BibComment


ยังไม่เคยถูกคอมเมนท์

คอมเมนท์ทรัพยากรรายการนี้
  คอมเมนท์: รักนี้หัวใจเราจอ..


 Copyright 2026. Bcnsprnw @Library